Kroky ke kvalitním výsledkům české státní statistické služby. 2

Interpretácia indexov priemyslovej výroby. Štruktúra publikačného systému Českého štatistického úradu v r. 1995. Strednodobý program transformácie českej štátnej štatistickej služby.

Salvato in:
Dettagli Bibliografici
Autore principale: Jílek, Josef
Natura: Capitolo di libro
Lingua:ceco
Soggetti:
Tags: Aggiungi Tag
Nessun Tag, puoi essere il primo ad aggiungerne!!

MARC

LEADER 00000naa a2200000 4500
001 r016981
005 20221205101653.5
041 0 |a cze 
044 |a CZ 
245 1 0 |a Kroky ke kvalitním výsledkům české státní statistické služby. 2  |c J. Jílek 
520 |a Interpretácia indexov priemyslovej výroby. Štruktúra publikačného systému Českého štatistického úradu v r. 1995. Strednodobý program transformácie českej štátnej štatistickej služby. 
610 2 0 |a štatistika 
610 2 0 |a štatistika celoštátna 
610 2 0 |a Český statistický úřad Praha 
610 2 0 |a indexy 
610 2 0 |a výroba priemyselná 
610 2 0 |a metodológia 
610 2 0 |a Česko 
100 1 |a Jílek, Josef